000 01279cam a2200349 i 4500
001 20880301
003 JO-AjAnu
005 20241020113352.0
008 190307s2019 flu 000 0 eng
010 _a 2019008196
020 _a9780367260934
_q(hardback)
020 _a9781138393295
_q(paperback ;
_qalk. paper)
020 _z9780429687112
_qebook
040 _aDLC
_beng
_cDLC
_erda
_dDLC
_dJO-AjAnu
042 _apcc
050 0 0 _aQA273
_b.M38495 2020
082 0 0 _a519.5
_223
100 1 _aMatloff, Norman S.,
_eauthor.
245 1 0 _aProbability and statistics for data science :
_bmath + R + data /
_cNorman Matloff.
264 1 _aBoca Raton :
_bCRC Press, Taylor & Francis Group,
_c2020.
300 _axxxii, 412 pages ;
_c24 cm.
336 _atext
_btxt
_2rdacontent
337 _aunmediated
_bn
_2rdamedia
338 _avolume
_bnc
_2rdacarrier
650 0 _aProbabilities
_vTextbooks.
650 0 _aMathematical statistics
_vTextbooks.
650 0 _aProbabilities
_xData processing.
650 0 _aMathematical statistics
_xData processing.
906 _a7
_bcbc
_corignew
_d1
_eecip
_f20
_gy-gencatlg
942 _2lcc
_cBK
_n0
999 _c33791
_d33791